[Event "Internacional Barreiro"]
[Site "?"]
[Date "2017.10.07"]
[Round "5.1"]
[White "Fidalgo, Andre Neves"]
[Black "Martins, Bruno Andre Leite"]
[Result "1-0"]
[BlackElo "2162"]
[WhiteElo "2149"]
[LiveChessVersion "1.4.8"]

1. d4 {[%clk 1:30:43]} Nf6 {[%clk 1:30:52]} 2. c4 {[%clk 1:30:50]} g6
{[%clk 1:31:12]} 3. g3 {[%clk 1:30:34]} Bg7 {[%clk 1:30:57]} 4. Bg2
{[%clk 1:30:57]} O-O {[%clk 1:30:25]} 5. Nc3 {[%clk 1:31:00]} d6 {[%clk 1:29:36]}
6. e4 {[%clk 1:26:53]} e5 {[%clk 1:28:21]} 7. Nge2 {[%clk 1:26:41]} c6
{[%clk 1:26:08]} 8. h3 {[%clk 1:26:46]} Nbd7 {[%clk 1:25:51]} 9. O-O
{[%clk 1:27:08]} exd4 {[%clk 1:16:41]} 10. Nxd4 {[%clk 1:27:14]} Qb6
{[%clk 1:14:24]} 11. Nc2 {[%clk 1:16:22]} Nc5 {[%clk 1:04:20]} 12. Rb1
{[%clk 1:06:27]} Be6 {[%clk 0:54:40]} 13. Be3 {[%clk 1:04:27]} Nfd7
{[%clk 0:43:13]} 14. Ne2 {[%clk 0:25:36]} Bxc4 {[%clk 0:33:17]} 15. b4
{[%clk 0:23:55]} Qa6 {[%clk 0:31:48]} 16. bxc5 {[%clk 0:11:37]} Bxe2
{[%clk 0:31:03]} 17. Qxd6 {[%clk 0:11:52]} Bxf1 {[%clk 0:19:17]} 18. Bxf1
{[%clk 0:12:05]} Qxa2 {[%clk 0:19:00]} 19. Rxb7 {[%clk 0:12:23]} Qxc2
{[%clk 0:18:56]} 20. Qxd7 {[%clk 0:12:44]} a5 {[%clk 0:15:05]} 21. Qxc6
{[%clk 0:13:08]} Rac8 {[%clk 0:08:59]} 22. Qd5 {[%clk 0:10:24]} Rcd8
{[%clk 0:06:59]} 23. Qc4 {[%clk 0:09:59]} Qxc4 {[%clk 0:06:41]} 24. Bxc4
{[%clk 0:10:22]} a4 {[%clk 0:05:02]} 25. c6 {[%clk 0:10:29]} Rc8 {[%clk 0:02:40]}
26. Bd5 {[%clk 0:09:43]} a3 {[%clk 0:01:32]} 27. Bc5 {[%clk 0:06:47]} Rfd8
{[%clk 0:00:41]} 28. Bxa3 {[%clk 0:06:53]} Bf8 {[%clk 0:00:36]} 29. Bxf7+
{[%clk 0:07:07]} Kg7 {[%clk 0:00:34]} 30. Be6+ {[%clk 0:07:11]} Kf6
{[%clk 0:00:55]} 31. Bxc8 {[%clk 0:07:02]} Rd1+ {[%clk 0:00:38]} 32. Kg2
{[%clk 0:07:26]} Bxa3 {[%clk 0:00:59]} 33. Bg4 {[%clk 0:07:32]} Rd2
{[%clk 0:01:18]} 34. c7 {[%clk 0:05:24]} Bc5 {[%clk 0:01:28]} 35. c8=Q
{[%clk 0:04:18]} Rxf2+ {[%clk 0:01:36]} 36. Kg1 {[%clk 0:04:39]} Rf5+
{[%clk 0:01:35]} 37. Qxc5 {[%clk 0:04:47]} 1-0

[Event "Internacional Barreiro"]
[Site "?"]
[Date "2017.10.07"]
[Round "5.2"]
[White "Santos, Antonio Pereira dos"]
[Black "Silva, David Miguel da"]
[Result "1/2-1/2"]
[BlackElo "2252"]
[WhiteElo "2201"]
[LiveChessVersion "1.4.8"]

1. d4 {[%clk 1:25:40]} Nf6 {[%clk 1:30:00]} 2. c4 {[%clk 1:26:01]} g6
{[%clk 1:30:25]} 3. Nc3 {[%clk 1:26:23]} Bg7 {[%clk 1:30:49]} 4. e4
{[%clk 1:26:52]} d6 {[%clk 1:31:10]} 5. Be2 {[%clk 1:27:05]} O-O {[%clk 1:31:19]}
6. Bg5 {[%clk 1:26:57]} Na6 {[%clk 1:31:42]} 7. Nf3 {[%clk 1:18:05]} h6
{[%clk 1:31:46]} 8. Be3 {[%clk 1:14:13]} Ng4 {[%clk 1:31:23]} 9. Bd2
{[%clk 1:14:40]} e5 {[%clk 1:31:44]} 10. d5 {[%clk 1:15:05]} f5 {[%clk 1:31:09]}
11. h3 {[%clk 0:53:48]} Nf6 {[%clk 1:29:40]} 12. exf5 {[%clk 0:54:09]} gxf5
{[%clk 1:27:25]} 13. g3 {[%clk 0:48:56]} Nc5 {[%clk 1:20:58]} 14. Be3
{[%clk 0:46:56]} Nfe4 {[%clk 1:13:50]} 15. Nxe4 {[%clk 0:31:15]} Nxe4
{[%clk 1:14:16]} 16. Qc2 {[%clk 0:18:16]} c6 {[%clk 1:13:29]} 17. Nd2
{[%clk 0:06:03]} Nf6 {[%clk 1:10:32]} 18. dxc6 {[%clk 0:04:40]} bxc6
{[%clk 1:11:00]} 19. O-O-O {[%clk 0:04:55]} d5 {[%clk 1:11:03]} 20. Nf3
{[%clk 0:05:01]} Qe8 {[%clk 1:10:33]} 21. Bc5 {[%clk 0:05:05]} Rf7
{[%clk 1:10:46]} 22. Rhe1 {[%clk 0:05:23]} Ne4 {[%clk 1:10:02]} 23. cxd5
{[%clk 0:01:51]} cxd5 {[%clk 1:09:33]} 24. Rxd5 {[%clk 0:02:14]} Be6
{[%clk 1:09:52]} 25. Bc4 {[%clk 0:01:41]} Rc8 {[%clk 1:09:23]} 26. b4
{[%clk 0:01:40]} a5 {[%clk 1:08:38]} 27. a3 {[%clk 0:01:09]} axb4
{[%clk 1:09:05]} 28. axb4 {[%clk 0:01:32]} Ra8 {[%clk 1:09:23]} 29. Rxe4
{[%clk 0:01:50]} fxe4 {[%clk 1:09:20]} 30. Qxe4 {[%clk 0:01:54]} Bf5
{[%clk 1:08:30]} 31. Qxf5 {[%clk 0:02:23]} Rxf5 {[%clk 1:08:39]} 32. Rd8+
{[%clk 0:01:54]} Kh7 {[%clk 1:09:08]} 33. Rxe8 {[%clk 0:02:10]} Rxe8
{[%clk 1:09:36]} 34. Nh4 {[%clk 0:01:53]} Rf6 {[%clk 1:09:43]} 35. f3
{[%clk 0:02:03]} Bf8 {[%clk 1:09:42]} 36. Bd3+ {[%clk 0:02:09]} Kg7
{[%clk 1:09:48]} 37. Nf5+ {[%clk 0:02:10]} Kg8 {[%clk 1:09:33]} 38. g4
{[%clk 0:00:39]} Rc8 {[%clk 1:08:12]} 39. Kd2 {[%clk 0:00:54]} Bxc5
{[%clk 1:08:01]} 40. bxc5 {[%clk 0:01:23]} Rxc5 {[%clk 1:08:28]} 41. Ke2
{[%clk 0:00:51]} Kf8 {[%clk 1:06:34]} 42. Kf2 {[%clk 0:01:12]} Rc3
{[%clk 1:05:45]} 43. Be4 {[%clk 0:01:33]} Rc4 {[%clk 1:06:03]} 44. Kg3
{[%clk 0:01:56]} Rc1 {[%clk 1:05:08]} 45. Kh4 {[%clk 0:01:31]} Rh1
{[%clk 1:03:03]} 46. Ng3 {[%clk 0:01:46]} Rg1 {[%clk 1:02:33]} 47. Nf5
{[%clk 0:02:06]} Rf1 {[%clk 1:02:42]} 48. Kh5 {[%clk 0:02:20]} Rxf5+
{[%clk 1:02:38]} 49. gxf5 {[%clk 0:02:01]} Kg7 {[%clk 1:02:56]} 50. h4
{[%clk 0:01:42]} Rh1 {[%clk 1:02:23]} 51. Kg4 {[%clk 0:01:01]} Kf6
{[%clk 1:02:41]} 52. Kh5 {[%clk 0:01:29]} Rh2 {[%clk 1:02:35]} 53. Kg4
{[%clk 0:01:54]} Rd2 {[%clk 1:02:13]} 54. Kh5 {[%clk 0:02:14]} Rd8
{[%clk 1:02:34]} 55. Bc2 {[%clk 0:02:08]} Rd2 {[%clk 0:56:21]} 56. Be4
{[%clk 0:02:33]} Rh2 {[%clk 0:56:45]} 57. Kg4 {[%clk 0:02:50]} Rg2+
{[%clk 0:51:32]} 58. Kh5 {[%clk 0:03:17]} Rg8 {[%clk 0:51:46]} 59. Bd5
{[%clk 0:03:19]} Rd8 {[%clk 0:51:56]} 60. Be4 {[%clk 0:03:48]} Rc8
{[%clk 0:51:47]} 61. Kg4 {[%clk 0:04:13]} 1/2-1/2

[Event "Internacional Barreiro"]
[Site "?"]
[Date "2017.10.07"]
[Round "5.3"]
[White "Morais, Vitor Mestre"]
[Black "Cunha, Helder Jose Pereira da"]
[Result "1/2-1/2"]
[BlackElo "2016"]
[WhiteElo "1949"]
[LiveChessVersion "1.4.8"]

1. b3 {[%clk 1:30:54]} Nf6 {[%clk 1:24:07]} 2. Bb2 {[%clk 1:31:17]} g6
{[%clk 1:24:29]} 3. Bxf6 {[%clk 1:31:37]} exf6 {[%clk 1:24:54]} 4. c4
{[%clk 1:32:00]} Bg7 {[%clk 1:22:52]} 5. Nc3 {[%clk 1:32:21]} f5 {[%clk 1:21:09]}
6. Rc1 {[%clk 1:32:43]} d6 {[%clk 1:16:49]} 7. g3 {[%clk 1:33:04]} c6
{[%clk 1:14:18]} 8. Bg2 {[%clk 1:33:25]} Nd7 {[%clk 1:13:12]} 9. e3
{[%clk 1:33:45]} Nf6 {[%clk 1:12:31]} 10. Nge2 {[%clk 1:33:40]} O-O
{[%clk 1:05:21]} 11. O-O {[%clk 1:34:02]} Qe7 {[%clk 1:04:18]} 12. d4
{[%clk 1:34:07]} Re8 {[%clk 1:02:50]} 13. Qc2 Ne4 {[%clk 0:56:27]} 14. Nf4
{[%clk 1:32:10]} Bd7 {[%clk 0:53:38]} 15. Rfe1 {[%clk 1:32:15]} Rac8
{[%clk 0:50:58]} 16. Rcd1 {[%clk 1:30:59]} Bf6 {[%clk 0:50:07]} 17. Nb1
{[%clk 1:25:37]} h5 {[%clk 0:45:48]} 18. Nd2 {[%clk 1:24:13]} h4 {[%clk 0:45:02]}
19. Nf1 {[%clk 1:22:38]} hxg3 {[%clk 0:43:16]} 20. hxg3 {[%clk 1:22:57]} Kg7
{[%clk 0:43:05]} 21. d5 {[%clk 1:18:54]} c5 {[%clk 0:41:22]} 22. Rd3
{[%clk 1:18:14]} Qd8 {[%clk 0:35:58]} 23. Rc1 {[%clk 1:14:09]} Qa5
{[%clk 0:34:12]} 24. f3 {[%clk 1:10:42]} Ng5 {[%clk 0:33:46]} 25. Rd2
{[%clk 1:05:49]} b5 {[%clk 0:32:09]} 26. Re2 {[%clk 1:04:20]} bxc4
{[%clk 0:32:18]} 27. bxc4 {[%clk 1:04:37]} Rb8 {[%clk 0:31:59]} 28. Rb1
{[%clk 1:02:59]} Rb6 {[%clk 0:28:24]} 29. Rxb6 {[%clk 1:01:54]} axb6
{[%clk 0:24:28]} 30. Nd3 {[%clk 1:00:36]} Ba4 {[%clk 0:22:25]} 31. Qc1
{[%clk 0:59:14]} b5 {[%clk 0:21:56]} 32. Nd2 {[%clk 0:58:49]} bxc4
{[%clk 0:21:12]} 33. Nxc4 {[%clk 0:59:09]} Qa6 {[%clk 0:21:10]} 34. Nf2
{[%clk 0:53:43]} Bb5 {[%clk 0:20:02]} 35. Rc2 {[%clk 0:54:05]} Bxc4
{[%clk 0:19:33]} 36. Rxc4 {[%clk 0:54:26]} Qxa2 {[%clk 0:19:54]} 37. e4
{[%clk 0:54:44]} fxe4 {[%clk 0:19:24]} 38. fxe4 {[%clk 0:54:02]} Bd4
{[%clk 0:17:38]} 39. Rxd4 {[%clk 0:53:20]} cxd4 {[%clk 0:17:57]} 40. Qxg5
{[%clk 0:53:41]} d3 {[%clk 0:16:02]} 41. Nxd3 {[%clk 0:53:33]} Qb1+
{[%clk 0:15:57]} 42. Bf1 {[%clk 0:53:43]} Rxe4 {[%clk 0:16:03]} 43. Qd2
{[%clk 0:53:28]} Qb6+ {[%clk 0:14:12]} 44. Nf2 {[%clk 0:52:19]} Rd4
{[%clk 0:14:12]} 45. Qc3 {[%clk 0:52:33]} f6 {[%clk 0:13:55]} 46. Bg2
{[%clk 0:52:36]} Rd1+ {[%clk 0:14:02]} 47. Bf1 {[%clk 0:52:35]} Rxd5
{[%clk 0:13:33]} 48. Kg2 {[%clk 0:52:01]} Rc5 {[%clk 0:13:26]} 49. Qe3
{[%clk 0:51:06]} Qc6+ {[%clk 0:12:37]} 50. Kh2 {[%clk 0:49:44]} Re5
{[%clk 0:10:58]} 51. Qa7+ {[%clk 0:48:46]} Kf8 {[%clk 0:10:21]} 52. Bg2
{[%clk 0:48:16]} Qe8 {[%clk 0:08:45]} 53. Qb7 {[%clk 0:48:01]} Qe6
{[%clk 0:05:34]} 54. Bf3 {[%clk 0:46:55]} Rf5 {[%clk 0:03:40]} 55. Kg2
{[%clk 0:47:13]} Re5 {[%clk 0:02:24]} 56. Qh7 {[%clk 0:45:58]} f5
{[%clk 0:02:28]} 57. Qc7 {[%clk 0:45:53]} Re3 {[%clk 0:02:29]} 58. Qb7
{[%clk 0:45:16]} Qe5 {[%clk 0:02:05]} 59. Nh3 {[%clk 0:43:33]} Rc3
{[%clk 0:01:49]} 60. Qh7 {[%clk 0:37:46]} Rc2+ {[%clk 0:01:21]} 61. Nf2
{[%clk 0:37:45]} Qe3 {[%clk 0:01:46]} 62. Qh8+ {[%clk 0:37:27]} Ke7
{[%clk 0:01:30]} 63. Qg7+ {[%clk 0:37:37]} Kd8 {[%clk 0:01:49]} 64. Qf8+
{[%clk 0:37:16]} Kc7 {[%clk 0:02:18]} 65. Qf7+ {[%clk 0:37:33]} Kb6
{[%clk 0:02:40]} 66. Qb7+ {[%clk 0:36:38]} Ka5 {[%clk 0:03:03]} 67. Qa8+
{[%clk 0:35:38]} Kb4 {[%clk 0:03:15]} 68. Qb7+ {[%clk 0:35:50]} Ka3
{[%clk 0:03:35]} 69. Qa6+ {[%clk 0:35:28]} Kb2 {[%clk 0:03:10]} 70. Qb5+
{[%clk 0:35:23]} Kc3 {[%clk 0:02:42]} 71. Qc6+ {[%clk 0:34:56]} Kb2
{[%clk 0:02:50]} 72. Qb5+ {[%clk 0:35:06]} Kc1 {[%clk 0:02:31]} 73. Qf1+
{[%clk 0:35:22]} Kd2 {[%clk 0:02:35]} 74. Qd1+ {[%clk 0:35:02]} Kc3
{[%clk 0:02:53]} 75. Qa1+ {[%clk 0:35:13]} Kd2 {[%clk 0:02:46]} 76. Qd1+
{[%clk 0:34:26]} Kc3 {[%clk 0:03:10]} 77. Qa1+ {[%clk 0:34:48]} Kd2
{[%clk 0:02:20]} 78. Qd1+ {[%clk 0:34:59]} Kc3 79. Qa1+ Rb2 {[%clk 0:02:29]}
1/2-1/2

[Event "Internacional Barreiro"]
[Site "?"]
[Date "2017.10.07"]
[Round "5.4"]
[White "Apolonia, Pedro Filipe Cristovao"]
[Black "Silva, Goncalo Nuno Neto Pires"]
[Result "1/2-1/2"]
[BlackElo "1985"]
[WhiteElo "1613"]
[LiveChessVersion "1.4.8"]

1. Nf3 {[%clk 1:30:55]} g6 2. c4 {[%clk 1:30:48]} Bg7 {[%clk 1:28:49]} 3. g3
{[%clk 1:31:08]} d6 {[%clk 1:29:03]} 4. d4 {[%clk 1:30:49]} Nf6 {[%clk 1:28:43]}
5. Nc3 {[%clk 1:31:05]} O-O {[%clk 1:28:45]} 6. Bg2 {[%clk 1:31:13]} Nbd7
{[%clk 1:28:56]} 7. O-O {[%clk 1:31:06]} c6 {[%clk 1:27:19]} 8. b3
{[%clk 1:27:42]} Qc7 {[%clk 1:26:23]} 9. Bb2 {[%clk 1:27:25]} a6 {[%clk 1:24:24]}
10. Rc1 {[%clk 1:24:47]} Re8 {[%clk 1:23:53]} 11. e4 {[%clk 1:23:17]} e5
{[%clk 1:19:42]} 12. dxe5 {[%clk 1:20:45]} Nxe5 {[%clk 1:19:13]} 13. Nxe5
{[%clk 1:20:26]} dxe5 {[%clk 1:19:39]} 14. Qe2 {[%clk 1:15:21]} Be6
{[%clk 1:19:27]} 15. h3 Rad8 {[%clk 1:19:34]} 16. Nd5 {[%clk 1:12:06]} Qc8
{[%clk 1:10:12]} 17. Nb6 {[%clk 1:10:07]} Qc7 {[%clk 1:10:20]} 18. Nd5
{[%clk 1:10:31]} Qc8 {[%clk 1:09:38]} 19. Nb6 {[%clk 1:10:55]} Qb8
{[%clk 1:10:07]} 20. c5 Nd7 {[%clk 1:08:23]} 21. Nxd7 {[%clk 1:08:26]} Bxd7
{[%clk 1:08:52]} 22. Rfd1 {[%clk 1:06:37]} Be6 23. Bc3 {[%clk 1:03:57]} Bf8
{[%clk 1:05:11]} 24. Qb2 {[%clk 0:57:07]} f6 {[%clk 1:04:41]} 25. b4
{[%clk 0:46:06]} Qc7 26. Rxd8 {[%clk 0:46:26]} Rxd8 {[%clk 1:03:19]} 27. f4
{[%clk 0:44:20]} Bh6 28. Rf1 {[%clk 0:44:26]} exf4 {[%clk 1:01:42]} 29. Bxf6
{[%clk 0:42:35]} Rf8 {[%clk 0:59:48]} 30. Be5 {[%clk 0:42:22]} Qd7
{[%clk 0:49:30]} 31. Bxf4 {[%clk 0:36:08]} Bg7 32. Be5 {[%clk 0:36:31]} Rxf1+
{[%clk 0:49:34]} 33. Bxf1 {[%clk 0:36:42]} Bxe5 {[%clk 0:49:53]} 34. Qxe5
{[%clk 0:28:44]} Bxa2 {[%clk 0:49:56]} 35. Qb8+ {[%clk 0:28:41]} Kg7
{[%clk 0:50:16]} 36. Qe5+ {[%clk 0:28:24]} Kf7 37. Qf4+ Ke7 {[%clk 0:42:52]} 38.
Qe5+ {[%clk 0:26:18]} Qe6 {[%clk 0:43:15]} 39. Qxe6+ {[%clk 0:26:29]} Kxe6
{[%clk 0:44:02]} 40. Kf2 {[%clk 0:26:45]} Ke5 {[%clk 0:44:02]} 41. Ke3
{[%clk 0:27:05]} g5 {[%clk 0:44:13]} 42. h4 {[%clk 0:26:15]} g4 {[%clk 0:42:53]}
43. Bd3 {[%clk 0:25:59]} h5 {[%clk 0:41:49]} 44. Bc2 {[%clk 0:26:06]} Bc4
{[%clk 0:41:50]} 45. Bd3 {[%clk 0:25:04]} Ba2 {[%clk 0:41:58]} 46. Bc2
{[%clk 0:25:25]} Bc4 {[%clk 0:42:26]} 1/2-1/2

[Event "Internacional Barreiro"]
[Site "?"]
[Date "2017.10.07"]
[Round "5.5"]
[White "Ferreira, Hugo Miguel da Costa"]
[Black "Reis, Luis Simoes dos"]
[Result "1-0"]
[BlackElo "1874"]
[WhiteElo "2138"]
[LiveChessVersion "1.4.8"]

1. d4 {[%clk 1:28:35]} Nf6 {[%clk 1:29:48]} 2. Nf3 {[%clk 1:28:59]} d5
{[%clk 1:28:53]} 3. Bf4 {[%clk 1:29:06]} c5 {[%clk 1:28:16]} 4. c3
{[%clk 1:28:58]} Nc6 {[%clk 1:26:33]} 5. Nbd2 {[%clk 1:29:02]} Qb6
{[%clk 1:23:11]} 6. Qb3 {[%clk 1:27:21]} c4 {[%clk 1:22:02]} 7. Qc2
{[%clk 1:27:38]} Nh5 {[%clk 1:20:05]} 8. Bg3 {[%clk 1:27:39]} Nxg3
{[%clk 1:08:03]} 9. hxg3 {[%clk 1:27:58]} g6 {[%clk 1:07:59]} 10. e4
{[%clk 1:28:14]} e6 {[%clk 1:01:58]} 11. b3 {[%clk 1:21:23]} cxb3
{[%clk 1:01:57]} 12. axb3 {[%clk 1:21:45]} Bd7 {[%clk 1:02:02]} 13. exd5
{[%clk 1:20:28]} exd5 {[%clk 1:02:17]} 14. Bd3 {[%clk 1:20:39]} Rc8
{[%clk 0:58:07]} 15. Qd1 {[%clk 1:18:41]} Bg7 {[%clk 0:52:26]} 16. O-O
{[%clk 1:17:00]} O-O {[%clk 0:52:25]} 17. Re1 {[%clk 1:15:41]} Rfe8
{[%clk 0:48:21]} 18. Rxe8+ {[%clk 1:15:47]} Rxe8 {[%clk 0:48:37]} 19. Nf1
{[%clk 1:15:51]} Bh6 {[%clk 0:46:31]} 20. c4 {[%clk 1:01:34]} Nxd4
{[%clk 0:35:06]} 21. cxd5 {[%clk 1:01:02]} Bg7 {[%clk 0:33:05]} 22. Rb1
{[%clk 1:00:11]} h5 {[%clk 0:23:39]} 23. Ne3 {[%clk 0:59:17]} Qf6
{[%clk 0:17:17]} 24. Nd2 {[%clk 0:51:39]} Nb5 {[%clk 0:11:21]} 25. Bxb5
{[%clk 0:49:59]} Bxb5 {[%clk 0:11:43]} 26. Ndc4 {[%clk 0:50:25]} Rd8
{[%clk 0:09:52]} 27. Qe1 {[%clk 0:49:07]} h4 {[%clk 0:09:34]} 28. gxh4 Qxh4
{[%clk 0:09:17]} 29. Qa5 {[%clk 0:46:08]} a6 {[%clk 0:04:36]} 30. Qc7
{[%clk 0:45:48]} Rd7 {[%clk 0:04:35]} 31. Qb8+ {[%clk 0:44:36]} Kh7
{[%clk 0:04:59]} 32. Qh2 {[%clk 0:43:19]} Qxh2+ {[%clk 0:05:11]} 33. Kxh2
{[%clk 0:43:47]} Bd4 {[%clk 0:02:49]} 34. Rd1 {[%clk 0:43:34]} Bxe3
{[%clk 0:02:29]} 35. fxe3 {[%clk 0:43:34]} f5 {[%clk 0:02:07]} 36. Kg3
{[%clk 0:43:40]} Kg7 {[%clk 0:02:30]} 37. e4 {[%clk 0:42:02]} fxe4
{[%clk 0:02:28]} 38. Kf4 {[%clk 0:42:10]} Bxc4 {[%clk 0:02:04]} 39. bxc4
{[%clk 0:42:32]} e3 {[%clk 0:02:24]} 40. Kxe3 {[%clk 0:42:57]} Kf6
{[%clk 0:02:28]} 41. Kd4 {[%clk 0:43:22]} Ke7 {[%clk 0:01:06]} 42. Re1+
{[%clk 0:43:38]} Kd8 {[%clk 0:01:25]} 43. Re6 {[%clk 0:44:01]} Rg7
{[%clk 0:01:42]} 44. g4 {[%clk 0:42:05]} g5 {[%clk 0:01:25]} 45. Rf6
{[%clk 0:40:53]} Ke7 {[%clk 0:01:30]} 46. Ke5 {[%clk 0:39:34]} Kd7
{[%clk 0:00:59]} 47. Rb6 {[%clk 0:37:57]} Kc8 {[%clk 0:00:48]} 48. Kf6
{[%clk 0:35:12]} Rc7 {[%clk 0:00:37]} 49. Rb4 {[%clk 0:34:41]} a5
{[%clk 0:00:46]} 50. Ra4 {[%clk 0:34:40]} b5 {[%clk 0:01:04]} 51. cxb5
{[%clk 0:34:53]} Rc5 {[%clk 0:01:29]} 52. Kxg5 {[%clk 0:34:25]} Rxd5+
{[%clk 0:01:55]} 53. Kh6 {[%clk 0:34:50]} Rxb5 {[%clk 0:02:21]} 54. g5
{[%clk 0:35:17]} Kb7 {[%clk 0:02:06]} 55. g6 {[%clk 0:34:10]} Ka6
{[%clk 0:02:27]} 56. g7 {[%clk 0:31:52]} Rb8 {[%clk 0:02:11]} 57. Rf4
{[%clk 0:31:46]} Rg8 {[%clk 0:02:35]} 58. Rf5 {[%clk 0:32:00]} a4
{[%clk 0:02:55]} 59. Kh7 {[%clk 0:32:27]} 1-0

[Event "Internacional Barreiro"]
[Site "?"]
[Date "2017.10.07"]
[Round "5.6"]
[White "Pires, Emanuel Joao Robarts"]
[Black "Santos, Isabel Maria Casimiro"]
[Result "1-0"]
[BlackElo "1619"]
[WhiteElo "2046"]
[LiveChessVersion "1.4.8"]

1. e4 {[%clk 1:30:58]} c6 {[%clk 1:28:15]} 2. Bc4 {[%clk 1:31:18]} d5
{[%clk 1:27:52]} 3. Bb3 {[%clk 1:31:42]} g6 {[%clk 1:27:12]} 4. e5
{[%clk 1:31:47]} Bg7 {[%clk 1:27:30]} 5. d4 {[%clk 1:31:53]} Bf5 {[%clk 1:25:53]}
6. Nf3 {[%clk 1:31:27]} Nd7 {[%clk 1:25:55]} 7. O-O {[%clk 1:31:45]} e6
{[%clk 1:22:26]} 8. h3 {[%clk 1:30:35]} h5 {[%clk 1:18:05]} 9. Nc3
{[%clk 1:26:50]} Rc8 {[%clk 1:10:12]} 10. Bg5 {[%clk 1:25:25]} Qc7
{[%clk 1:07:19]} 11. Nh4 {[%clk 1:22:02]} Nh6 {[%clk 1:03:32]} 12. Qd2
{[%clk 1:15:41]} a6 {[%clk 0:55:11]} 13. Ne2 {[%clk 1:05:39]} c5 {[%clk 0:51:16]}
14. c3 {[%clk 1:05:38]} c4 {[%clk 0:44:06]} 15. Nxf5 {[%clk 0:53:30]} Nxf5
{[%clk 0:39:49]} 16. Bc2 {[%clk 0:52:32]} f6 {[%clk 0:30:30]} 17. Nf4
{[%clk 0:43:32]} Kf7 {[%clk 0:24:28]} 18. exf6 {[%clk 0:40:00]} Nxf6
{[%clk 0:20:12]} 19. Rae1 {[%clk 0:39:14]} Rce8 {[%clk 0:20:05]} 20. Re3
{[%clk 0:23:44]} Nh7 {[%clk 0:17:51]} 21. Rg3 {[%clk 0:18:40]} Nxg5
{[%clk 0:13:14]} 22. Rxg5 {[%clk 0:17:39]} Bh6 {[%clk 0:13:38]} 23. Nxg6
{[%clk 0:17:31]} Qd8 {[%clk 0:08:10]} 24. f4 {[%clk 0:06:05]} Rhg8
{[%clk 0:04:30]} 25. Ne5+ {[%clk 0:06:03]} Kf6 {[%clk 0:03:58]} 26. Rxh5
{[%clk 0:05:04]} Rg3 {[%clk 0:00:36]} 27. Bxf5 {[%clk 0:05:01]} Reg8
{[%clk 0:01:05]} 28. Rxh6+ {[%clk 0:04:56]} 1-0

[Event "Internacional Barreiro"]
[Site "?"]
[Date "2017.10.07"]
[Round "5.7"]
[White "Bravo, Antonio Jose Vieira"]
[Black "Figueiredo, Helder Emanuel"]
[Result "1/2-1/2"]
[BlackElo "2039"]
[WhiteElo "1835"]
[LiveChessVersion "1.4.8"]

1. Nf3 {[%clk 1:18:59]} c5 {[%clk 1:28:02]} 2. c4 {[%clk 1:18:51]} Nf6
{[%clk 1:28:27]} 3. Nc3 {[%clk 1:19:15]} d5 {[%clk 1:28:46]} 4. cxd5
{[%clk 1:19:38]} Nxd5 {[%clk 1:29:11]} 5. g3 {[%clk 1:19:58]} Nc7
{[%clk 1:29:34]} 6. Bg2 {[%clk 1:20:20]} Nc6 {[%clk 1:29:55]} 7. O-O
{[%clk 1:20:21]} e5 {[%clk 1:30:20]} 8. d3 {[%clk 1:19:45]} Be7 {[%clk 1:30:42]}
9. Be3 {[%clk 1:05:20]} O-O {[%clk 1:28:35]} 10. Rc1 {[%clk 1:05:19]} Bd7
{[%clk 1:28:44]} 11. Qd2 {[%clk 1:03:18]} Ne6 {[%clk 1:23:51]} 12. Ne4
{[%clk 0:57:16]} b6 {[%clk 1:13:57]} 13. Nfg5 {[%clk 0:51:51]} Rc8
{[%clk 1:10:57]} 14. f4 {[%clk 0:51:55]} exf4 {[%clk 1:10:22]} 15. gxf4
{[%clk 0:51:51]} Ned4 {[%clk 1:08:28]} 16. Ng3 {[%clk 0:48:44]} Bf6
{[%clk 1:04:34]} 17. N5e4 {[%clk 0:33:24]} Bh4 {[%clk 0:47:18]} 18. f5
{[%clk 0:32:24]} Bxg3 {[%clk 0:35:51]} 19. Nxg3 {[%clk 0:32:20]} f6
{[%clk 0:36:02]} 20. Rf4 {[%clk 0:31:12]} Re8 {[%clk 0:33:03]} 21. Rcf1
{[%clk 0:28:40]} Re5 {[%clk 0:29:33]} 22. Kh1 {[%clk 0:18:14]} Qe7
{[%clk 0:19:58]} 23. Re4 {[%clk 0:17:21]} Re8 {[%clk 0:14:06]} 24. Bf4
{[%clk 0:14:31]} Rxe4 {[%clk 0:14:14]} 25. Bxe4 {[%clk 0:14:36]} Ne5
{[%clk 0:13:41]} 26. e3 {[%clk 0:13:10]} Ndc6 {[%clk 0:13:43]} 27. a3
{[%clk 0:11:50]} Kh8 {[%clk 0:13:18]} 28. Rg1 {[%clk 0:10:36]} Qf7
{[%clk 0:09:45]} 29. Qg2 {[%clk 0:09:59]} Ne7 {[%clk 0:05:46]} 30. Bxe5
{[%clk 0:03:37]} fxe5 {[%clk 0:06:14]} 31. Qf3 {[%clk 0:03:38]} Rf8
{[%clk 0:01:45]} 32. Rf1 {[%clk 0:04:06]} Qb3 {[%clk 0:00:43]} 33. Qh5
{[%clk 0:04:07]} Bc6 {[%clk 0:00:58]} 34. f6 {[%clk 0:04:03]} Bxe4+
{[%clk 0:01:27]} 35. Nxe4 {[%clk 0:04:32]} gxf6 {[%clk 0:00:35]} 36. Nxf6
{[%clk 0:03:43]} Qxd3 {[%clk 0:00:38]} 37. Rd1 {[%clk 0:02:54]} Qf5
{[%clk 0:00:37]} 38. Qxf5 {[%clk 0:02:35]} Nxf5 {[%clk 0:01:06]} 39. Nd5
{[%clk 0:01:59]} Nh4 {[%clk 0:00:50]} 40. Kg1 {[%clk 0:02:06]} Nf3+
{[%clk 0:01:02]} 41. Kg2 {[%clk 0:02:24]} e4 {[%clk 0:01:14]} 42. Nf4
{[%clk 0:02:45]} Nh4+ {[%clk 0:00:55]} 43. Kg3 {[%clk 0:02:51]} Nf5+
{[%clk 0:01:07]} 44. Kf2 {[%clk 0:03:15]} Rf7 {[%clk 0:00:55]} 45. Rd5
{[%clk 0:03:35]} Kg7 {[%clk 0:00:48]} 46. Re5 {[%clk 0:03:53]} Nd6
{[%clk 0:00:25]} 1/2-1/2